| 000 | 01151nam a2200253 u 4500 | ||
|---|---|---|---|
| 001 | 000421161 | ||
| 003 | AM-YeHGA | ||
| 005 | 20250617133112.0 | ||
| 008 | 050419s1989 ||||||||||||||000|0|rus d | ||
| 020 | _a5020289388 | ||
| 040 | _aAM-YeHGA | ||
| 041 | 0 | _arus | |
| 100 | 1 | _aХмелев, Владимир Алексеевич | |
| 245 | 1 | 0 |
_aЛёссовые черноземы Западной Сибири / _cВ.А. Хмелев; Отв. ред.: В.М. Курачев; АН СССР, Сиб. отд-ние, Ин-т почвоведения и агрохимии. |
| 260 |
_aНовосибирск : _bНаука. Сиб. отд-ние, _c1989. |
||
| 300 |
_a201 с. : _bил., карт. |
||
| 504 | _aБиблиогр.: с. 183-200 | ||
| 653 | 0 | _aЧерноземы - Западная Сибирь | |
| 653 | 0 | _aПочвы черноземные - Западная Сибирь | |
| 700 | 1 |
_aКурачев, В.М. _eред. _4edt |
|
| 710 | 2 | _aИнститут почвоведения и агрохимии СО АН СССР | |
| 710 | 2 |
_aАкадемия наук СССР _bСибирское отделение |
|
| 090 | _c162257 | ||
| 999 |
_c160853 _d160853 |
||